[Event "Walsrode Chessemy op-A"]
[Site "Walsrode"]
[Date "2023.03.07"]
[Round "4"]
[White "Hilbenz, Guntram"]
[Black "Linde, Wolfgang"]
[Result "1/2-1/2"]
[WhiteElo "1791"]
[BlackElo "2084"]
[PlyCount "78"]
[EventDate "2023.03.04"]
[EventType "swiss"]
[EventRounds "9"]
[EventCountry "GER"]
[SourceTitle "CBM 213 Extra"]
[Source "ChessBase"]
[SourceDate "2023.05.31"]
[SourceVersion "1"]
[SourceVersionDate "2023.05.31"]
[SourceQuality "1"]

1. c4 e6 2. g3 d5 3. Bg2 Nf6 4. Nf3 Be7 5. 0-0 0-0 6. b3 c6 7. Bb2 b6 8. d3 Bb7 9. Nbd2 c5 10. Ne5 Nfd7 11. Nxd7 Nxd7 12. cxd5 Bxd5 13. Nf3 Bf6 14. Qc2 Rc8 15. Rac1 Qe7 16. Rfd1 Bb7 17. Qb1 h6 18. Qa1 Rc7 19. h4 Rfc8 20. Ne5 Bxg2 21. Kxg2 Nxe5 22. Bxe5 Bxe5 23. Qxe5 Rd7 24. b4 Rd5 25. Qb2 Rdd8 26. bxc5 Rxc5 27. Rxc5 Qxc5 28. Rc1 Qd5+ 29. f3 b5 30. a4 Rb8 31. axb5 Rxb5 32. Qc3 a5 33. Qc4 g6 34. Qxd5 Rxd5 35. Rc8+ Kg7 36. g4 f5 37. Ra8 f4 38. d4 Kf6 39. Ra6 Rb5 1/2-1/2

[Event "Walsrode Chessemy op-A"]
[Site "Walsrode"]
[Date "2023.03.06"]
[Round "3"]
[White "Linde, Wolfgang"]
[Black "Yaroshenko, Yaroslav"]
[Result "0-1"]
[WhiteElo "2084"]
[BlackElo "1801"]
[PlyCount "148"]
[EventDate "2023.03.04"]
[EventType "swiss"]
[EventRounds "9"]
[EventCountry "GER"]
[SourceTitle "CBM 213 Extra"]
[Source "ChessBase"]
[SourceDate "2023.05.31"]
[SourceVersion "1"]
[SourceVersionDate "2023.05.31"]
[SourceQuality "1"]

1. d4 g6 2. Nf3 Bg7 3. c4 d6 4. e3 Nc6 5. Be2 e5 6. dxe5 Nxe5 7. Nc3 Ne7 8. 0-0 0-0 9. Bd2 Be6 10. b3 d5 11. Nd4 dxc4 12. Nxe6 fxe6 13. bxc4 c5 14. Rb1 b6 15. Qc2 N7c6 16. a3 Qe7 17. Ne4 Rad8 18. Bc3 Qh4 19. Be1 Nf7 20. a4 Nd6 21. f4 Qe7 22. Bf3 Nxe4 23. Qxe4 Nb4 24. Bg4 e5 25. Bg3 Rfe8 26. f5 g5 27. Bh5 Rf8 28. h4 gxh4 29. Bxh4 Bf6 30. Be1 Bg5 31. Bc3 Rd3 32. Bxb4 Bxe3+ 33. Kh1 Qg5 34. Qg4 Qxg4 35. Bxg4 cxb4 36. Rxb4 Bc5 37. Rbb1 Rd4 38. Bh3 Rxc4 39. f6 Kf7 40. a5 Rf4 41. axb6 axb6 42. g3 Rxf6 43. Bf5 Ke7 44. Bd3 Rxf1+ 45. Rxf1 Rxf1+ 46. Bxf1 Kd6 47. Bd3 h6 48. Kg2 Bd4 49. Kf3 Kc5 50. Ke2 b5 51. g4 b4 52. Be4 Kc4 53. Kd2 Bc3+ 54. Ke3 b3 55. Bg6 Kb4 56. Ke2 Ka3 57. Kd1 Kb2 58. Bf7 e4 59. Bd5 e3 60. Bc4 Bd2 61. Be6 Kc3 62. Bf5 b2 63. Ke2 Kd4 64. Bb1 Ke5 65. Kf3 Kf6 66. Bc2 Kg5 67. Bb1 Bc1 68. Bc2 Kh4 69. Bb1 Kh3 70. Bf5 Kh2 71. Be4 Kg1 72. Bd3 Bd2 73. Ke2 Kg2 74. Kd1 Kf2 0-1

[Event "Ruhrgebiet Regionalliga 1819"]
[Site "Nordrheinwestfalen"]
[Date "2018.09.02"]
[Round "1.3"]
[White "Buschmann, Andreas"]
[Black "Linde, Wolfgang"]
[Result "1-0"]
[WhiteElo "2011"]
[BlackElo "2166"]
[PlyCount "103"]
[EventDate "2018.09.02"]
[EventType "team-tourn"]
[EventRounds "11"]
[EventCountry "GER"]
[SourceTitle "EXT 2022"]
[Source "ChessBase"]
[SourceDate "2021.10.06"]
[SourceVersion "1"]
[SourceVersionDate "2021.10.06"]
[SourceQuality "1"]
[WhiteTeam "Horst Emscher"]
[BlackTeam "Welper SV"]
[WhiteTeamCountry "GER"]
[BlackTeamCountry "GER"]

1. d4 d5 2. c4 dxc4 3. Nf3 Nf6 4. e3 Bg4 5. Bxc4 e6 6. 0-0 a6 7. b3 Nc6 8. Bb2 Bd6 9. Nbd2 0-0 10. a3 Qe7 11. Qc2 Rfd8 12. b4 e5 13. d5 Nb8 14. e4 Nbd7 15. h3 Bxf3 16. Nxf3 a5 17. b5 b6 18. Rfe1 Nh5 19. Bf1 Nc5 20. Nd2 Re8 21. g3 Qf6 22. Nc4 Qg6 23. Bg2 Rac8 24. Kh2 Nf6 25. Rad1 h5 26. Re2 h4 27. Rg1 hxg3+ 28. fxg3 Nh5 29. Bf3 Rcd8 30. Bxh5 Qxh5 31. Rf1 f6 32. g4 Qg6 33. Rf5 Kf7 34. g5 Ke7 35. Rg2 Qh7 36. Rg4 Rh8 37. Qg2 Rdg8 38. Bc1 g6 39. gxf6+ Kf7 40. Rfg5 Nd3 41. Be3 Kxf6 42. Nxd6 cxd6 43. Bxb6 Nf4 44. Rxf4+ exf4 45. Bd4+ Kf7 46. Qg4 Re8 47. Qxf4+ Ke7 48. Bxh8 Qxh8 49. Rxg6 Qb2+ 50. Rg2 Qxa3 51. Qf5 Kd8 52. Rc2 1-0

[Event "Ruhrgebiet Regionalliga 1617"]
[Site "Germany"]
[Date "2017.05.07"]
[Round "9.4"]
[White "Linde, Wolfgang"]
[Black "Boehm, Juergen1111"]
[Result "0-1"]
[WhiteElo "2078"]
[BlackElo "2124"]
[PlyCount "66"]
[EventDate "2016.09.11"]
[EventType "team-tourn"]
[EventRounds "9"]
[EventCountry "GER"]
[SourceTitle "EXT 2022"]
[Source "ChessBase"]
[SourceDate "2021.10.06"]
[SourceVersion "1"]
[SourceVersionDate "2021.10.06"]
[SourceQuality "1"]
[WhiteTeam "Welper SV"]
[BlackTeam "Brackel SF"]
[WhiteTeamCountry "GER"]
[BlackTeamCountry "GER"]

1. e4 e6 2. d4 d5 3. Nd2 Nf6 4. Bd3 c5 5. c3 Nc6 6. Ngf3 cxd4 7. cxd4 dxe4 8. Nxe4 Bb4+ 9. Nc3 0-0 10. 0-0 Be7 11. a3 b6 12. Re1 Bb7 13. Bc2 Rc8 14. Qd3 Rc7 15. Bg5 g6 16. h4 a6 17. Bb3 Rd7 18. Rad1 Qc7 19. Ba2 Rfd8 20. Ne2 Nd5 21. h5 Bxg5 22. Nxg5 Nf4 23. Nxf4 Qxf4 24. Nxe6 fxe6 25. Bxe6+ Kg7 26. Bxd7 Rxd7 27. d5 Ne7 28. Qc3+ Qf6 29. h6+ Kf7 30. Qh3 Rxd5 31. Rc1 Rg5 32. g3 Rh5 33. Re6 Qxe6 0-1

[Event "Ruhrgebiet Regionalliga 1415"]
[Site "Germany"]
[Date "2015.05.03"]
[Round "9.5"]
[White "Linde, Wolfgang"]
[Black "Bachmann, Rolf"]
[Result "1-0"]
[WhiteElo "2109"]
[BlackElo "1904"]
[PlyCount "89"]
[EventDate "2014.09.28"]
[EventType "team-tourn"]
[EventRounds "9"]
[EventCountry "GER"]
[SourceTitle "EXT 2022"]
[Source "ChessBase"]
[SourceDate "2021.10.06"]
[SourceVersion "1"]
[SourceVersionDate "2021.10.06"]
[SourceQuality "1"]
[WhiteTeam "Welper SV"]
[BlackTeam "Hamm SV"]
[WhiteTeamCountry "GER"]
[BlackTeamCountry "GER"]

1. e4 Nf6 2. e5 Nd5 3. d4 d6 4. c4 Nb6 5. exd6 exd6 6. Nc3 Nc6 7. Be3 Bf5 8. Nf3 Be7 9. Be2 0-0 10. d5 Ne5 11. Nd4 Bg6 12. b3 Bf6 13. 0-0 Re8 14. Qd2 Ned7 15. Rfe1 Nc5 16. f3 Qd7 17. Rad1 Re7 18. Bf2 h6 19. Bf1 Rae8 20. Rxe7 Rxe7 21. Ncb5 a6 22. Nc3 Qe8 23. Qb2 Bg5 24. a4 Be3 25. a5 Nc8 26. Nc2 Bxf2+ 27. Kxf2 Bxc2 28. Qxc2 b6 29. Ra1 bxa5 30. Rxa5 Re3 31. b4 Qe5 32. bxc5 Rxc3 33. Qe4 Qxe4 34. fxe4 dxc5 35. e5 f6 36. Rxa6 Kf7 37. Rc6 Nb6 38. Rxc7+ Kf8 39. e6 Rc2+ 40. Be2 Nxc4 41. Rxc5 Ne3 42. Rxc2 Nxc2 43. d6 Nd4 44. e7+ Ke8 45. Bh5+ 1-0

[Event "Ruhrgebiet Verbandsliga1 1213"]
[Site "Nordrheinwestfalen"]
[Date "2012.09.30"]
[Round "2.6"]
[White "Dawid, Adalbert"]
[Black "Linde, Wolfgang"]
[Result "0-1"]
[WhiteElo "1838"]
[BlackElo "2078"]
[PlyCount "39"]
[EventDate "2012.09.02"]
[EventType "team-tourn"]
[EventRounds "9"]
[EventCountry "GER"]
[SourceTitle "EXT 2020"]
[Source "ChessBase"]
[SourceDate "2019.10.17"]
[SourceVersion "1"]
[SourceVersionDate "2019.10.17"]
[SourceQuality "1"]
[WhiteTeam "Dortmund Hansa III"]
[BlackTeam "Welper SV"]
[WhiteTeamCountry "GER"]
[BlackTeamCountry "GER"]

1. d4 d5 2. c4 dxc4 3. Nf3 Nf6 4. e3 e6 5. Bxc4 c5 6. Nc3 a6 7. a4 Nc6 8. 0-0 b6 9. b3 Bb7 10. Bb2 cxd4 11. Nxd4 Nxd4 12. exd4 Be7 13. Qd3 0-0 14. Rfd1 Nd5 15. Ne2 Qd7 16. Rac1 Bg5 17. Rb1 Rfd8 18. Qg3 Bh6 19. Bc1 Bxc1 20. Rbxc1 0-1

[Event "Ruhrgebiet Regionalliga 0910"]
[Site "Germany"]
[Date "2009.09.27"]
[Round "2.4"]
[White "Harms, Andreas"]
[Black "Linde, Wolfgang"]
[Result "1-0"]
[WhiteElo "2169"]
[BlackElo "2105"]
[PlyCount "61"]
[EventDate "2009.09.06"]
[EventType "team-tourn"]
[EventRounds "9"]
[EventCountry "GER"]
[SourceTitle "EXT 2011"]
[Source "ChessBase"]
[SourceDate "2010.11.26"]
[SourceVersion "1"]
[SourceVersionDate "2010.11.26"]
[SourceQuality "1"]
[WhiteTeam "Essen Ueberruhr"]
[BlackTeam "Welper SV"]
[WhiteTeamCountry "GER"]
[BlackTeamCountry "GER"]

1. b3 d5 2. c4 d4 3. Bb2 c5 4. g3 Nc6 5. d3 e5 6. Bg2 Bd6 7. Nd2 Nf6 8. Ngf3 h6 9. 0-0 0-0 10. Ne1 Bg4 11. Ne4 Nxe4 12. Bxe4 f5 13. Bd5+ Kh8 14. Kg2 Qe7 15. a3 Rae8 16. f3 Bh5 17. Nc2 e4 18. dxe4 f4 19. Bc1 Qe5 20. Qe1 Rf6 21. Bxf4 Rxf4 22. gxf4 Qxf4 23. Qg3 Qf6 24. Qh3 Re5 25. Ne1 Be8 26. f4 Rh5 27. Qe6 Rxh2+ 28. Kxh2 Bxf4+ 29. Kh3 Bd7 30. Qxd7 Ne7 31. Nd3 1-0

[Event "Ruhrgebiet VL2 0708"]
[Site "Germany"]
[Date "2008.04.27"]
[Round "9.4"]
[White "Linde, Wolfgang"]
[Black "Gierse, Heinz Dieter"]
[Result "1/2-1/2"]
[WhiteElo "2167"]
[BlackElo "2099"]
[PlyCount "60"]
[EventDate "2007.09.02"]
[EventType "team"]
[EventRounds "9"]
[EventCountry "GER"]
[SourceTitle "EXT 2009"]
[Source "ChessBase"]
[SourceDate "2008.11.26"]
[SourceVersion "1"]
[SourceVersionDate "2008.11.26"]
[SourceQuality "1"]
[WhiteTeam "Welper SV"]
[BlackTeam "Bottrop"]
[WhiteTeamCountry "GER"]
[BlackTeamCountry "GER"]

1. c4 e5 2. g3 Nc6 3. Bg2 Nf6 4. Nc3 Bc5 5. e3 0-0 6. a3 a6 7. Nge2 Re8 8. d3 d6 9. 0-0 Rb8 10. b4 Ba7 11. Bb2 Bd7 12. Rc1 Qc8 13. Nd5 Nxd5 14. cxd5 Ne7 15. Nc3 Bh3 16. Bxh3 Qxh3 17. Qf3 Rbc8 18. Rfd1 f5 19. Ne2 Ng6 20. Kh1 f4 21. Ng1 Qh6 22. gxf4 exf4 23. e4 Nh4 24. Qg4 Bxf2 25. Nh3 Be3 26. Rc2 Ng6 27. Ng5 Nf8 28. Rg2 Rcd8 29. Rf1 Ng6 30. Rf3 Qh4 1/2-1/2

[Event "Ruhrgebiet VL2 0708"]
[Site "Germany"]
[Date "2008.01.20"]
[Round "5.5"]
[White "Linde, Wolfgang"]
[Black "Korber, Markus"]
[Result "1-0"]
[WhiteElo "2167"]
[BlackElo "1900"]
[PlyCount "131"]
[EventDate "2007.09.02"]
[EventType "team"]
[EventRounds "9"]
[EventCountry "GER"]
[SourceTitle "EXT 2009"]
[Source "ChessBase"]
[SourceDate "2008.11.26"]
[SourceVersion "1"]
[SourceVersionDate "2008.11.26"]
[SourceQuality "1"]
[WhiteTeam "Welper SV"]
[BlackTeam "Rochade Steele/Kray"]
[WhiteTeamCountry "GER"]
[BlackTeamCountry "GER"]

1. d4 d5 2. c4 dxc4 3. Nf3 a6 4. e3 b5 5. a4 Bb7 6. b3 e6 7. axb5 axb5 8. Rxa8 Bxa8 9. bxc4 bxc4 10. Bxc4 Nf6 11. 0-0 Be7 12. Qa4+ Nbd7 13. Ne5 0-0 14. Nc6 Nb6 15. Nxe7+ Qxe7 16. Qa3 c5 17. Be2 Rc8 18. Bb2 Nfd5 19. Rc1 c4 20. Qxe7 Nxe7 21. Ba3 Ned5 22. Bc5 Na4 23. Bd6 Ndb6 24. Nc3 Nxc3 25. Rxc3 Bd5 26. f3 f5 27. Bd1 Ra8 28. Ra3 Rxa3 29. Bxa3 Nd7 30. Bd6 h5 31. Kf2 Kf7 32. Bc2 Nf6 33. Ke2 Ke8 34. Be5 Kd7 35. Kd2 Bc6 36. Bxf6 gxf6 37. Kc3 Bb5 38. h4 Kc6 39. Kb4 c3 40. Kxc3 Bf1 41. g3 Be2 42. f4 Kd5 43. Ba4 Kd6 44. Bb3 Bf3 45. Bc2 Bc6 46. Bd1 Be8 47. Bf3 Bf7 48. Kb4 Be8 49. Kc4 Bf7 50. Kb5 Be8+ 51. Kb6 Bf7 52. Kb7 Bg6 53. Kc8 Bf7 54. Kd8 Bg6 55. Bb7 Bf7 56. Bc8 Bg6 57. Bd7 e5 58. Be8 Bxe8 59. Kxe8 exd4 60. exd4 Kd5 61. Kf7 Kxd4 62. Kxf6 Ke4 63. Kg5 Kf3 64. Kxh5 Kxg3 65. Kg5 Kf3 66. Kxf5 1-0

[Event "Ruhrgebiet VL2 0708"]
[Site "Germany"]
[Date "2007.12.09"]
[Round "4.5"]
[White "Cavasin, Joerg"]
[Black "Linde, Wolfgang"]
[Result "1/2-1/2"]
[WhiteElo "1944"]
[BlackElo "2167"]
[PlyCount "33"]
[EventDate "2007.09.02"]
[EventType "team"]
[EventRounds "9"]
[EventCountry "GER"]
[SourceTitle "EXT 2009"]
[Source "ChessBase"]
[SourceDate "2008.11.26"]
[SourceVersion "1"]
[SourceVersionDate "2008.11.26"]
[SourceQuality "1"]
[WhiteTeam "Altenessen "]
[BlackTeam "Welper SV"]
[WhiteTeamCountry "GER"]
[BlackTeamCountry "GER"]

1. c4 e5 2. Nc3 Nf6 3. Nf3 Nc6 4. g3 Bb4 5. Bg2 0-0 6. 0-0 e4 7. Ng5 Bxc3 8. dxc3 Re8 9. Qc2 Qe7 10. Nh3 h6 11. Nf4 Qe5 12. Rd1 Ne7 13. Be3 Nf5 14. Bd4 Nxd4 15. cxd4 Qe7 16. e3 d6 17. h3 1/2-1/2

[Event "Dresden ZMD op"]
[Site "Dresden"]
[Date "2005.07.29"]
[Round "7"]
[White "Ziese, Gerhard"]
[Black "Linde, Wolfgang"]
[Result "1/2-1/2"]
[WhiteElo "2088"]
[BlackElo "2168"]
[PlyCount "77"]
[EventDate "2005.07.23"]
[EventType "swiss"]
[EventRounds "9"]
[EventCountry "GER"]
[SourceTitle "EXT 2006"]
[Source "ChessBase"]
[SourceDate "2005.11.24"]
[SourceVersion "1"]
[SourceVersionDate "2005.11.24"]
[SourceQuality "1"]

1. d4 d5 2. c4 dxc4 3. Nf3 Nf6 4. Nc3 e6 5. e4 Bb4 6. Bg5 c5 7. Bxc4 cxd4 8. Bxf6 Qxf6 9. Nxd4 0-0 10. Nde2 Nc6 11. 0-0 Ne5 12. Qb3 Ba5 13. Rad1 a6 14. h3 Bc7 15. Bd3 Ng6 16. Bb1 Bb8 17. g3 e5 18. Kh2 h5 19. Nd5 Qe6 20. Ng1 b5 21. Rd2 Ra7 22. Rfd1 Rd7 23. Bd3 Ba7 24. Bf1 h4 25. Bg2 Rfd8 26. Nf3 hxg3+ 27. fxg3 Nf8 28. Ng5 Qd6 29. Bf3 Bd4 30. Bg4 Ra7 31. Bf3 Ne6 32. Nxe6 Bxe6 33. Rc2 Bxd5 34. exd5 Rc7 35. Rdc1 Rdc8 36. Rc6 Rxc6 37. Rxc6 Rxc6 38. dxc6 Bb6 39. Qd5 1/2-1/2

[Event "Dresden ZMD op"]
[Site "Dresden"]
[Date "2005.07.27"]
[Round "5"]
[White "Joachim, Sven"]
[Black "Linde, Wolfgang"]
[Result "1-0"]
[WhiteElo "2474"]
[BlackElo "2168"]
[PlyCount "87"]
[EventDate "2005.07.23"]
[EventType "swiss"]
[EventRounds "9"]
[EventCountry "GER"]
[SourceTitle "EXT 2006"]
[Source "ChessBase"]
[SourceDate "2005.11.24"]
[SourceVersion "1"]
[SourceVersionDate "2005.11.24"]
[SourceQuality "1"]

1. e4 c6 2. c4 d5 3. cxd5 cxd5 4. exd5 Nf6 5. Nc3 Nxd5 6. Nf3 Nxc3 7. bxc3 g6 8. d4 Bg7 9. Bd3 0-0 10. 0-0 Nc6 11. Re1 b6 12. Bg5 Re8 13. Re3 Qc7 14. Qe2 e6 15. Re1 Ne7 16. c4 Nf5 17. Bxf5 gxf5 18. d5 f6 19. Bh4 e5 20. Nd4 Bd7 21. Nb5 Qc5 22. Rb3 Rec8 23. Na3 Qd4 24. Bg3 f4 25. Rd3 Qc5 26. Bh4 Bf5 27. Rb3 Bg6 28. Kh1 Qc7 29. f3 Qd7 30. Nb5 Re8 31. Qf1 Kf7 32. Bf2 Bf8 33. c5 Bxc5 34. Bxc5 bxc5 35. Qc4 Kg7 36. Qxc5 Rec8 37. Qd6 Qxd6 38. Nxd6 Rd8 39. Rb7+ Kg8 40. Ne4 Bf7 41. Nxf6+ Kg7 42. Nh5+ Kf8 43. Rxe5 Rxd5 44. Rxf7+ 1-0

[Event "Dresden ZMD op"]
[Site "Dresden"]
[Date "2005.07.26"]
[Round "4"]
[White "Linde, Wolfgang"]
[Black "Heck, Norbert"]
[Result "0-1"]
[WhiteElo "2168"]
[BlackElo "2297"]
[PlyCount "54"]
[EventDate "2005.07.23"]
[EventType "swiss"]
[EventRounds "9"]
[EventCountry "GER"]
[SourceTitle "EXT 2006"]
[Source "ChessBase"]
[SourceDate "2005.11.24"]
[SourceVersion "1"]
[SourceVersionDate "2005.11.24"]
[SourceQuality "1"]

1. d4 d6 2. c4 e5 3. g3 c6 4. Bg2 Nd7 5. Nc3 Ngf6 6. Nf3 g6 7. 0-0 Bg7 8. e4 0-0 9. h3 Re8 10. Re1 Qa5 11. Re2 exd4 12. Nxd4 Ne5 13. c5 Qxc5 14. Nb3 Qb4 15. Be3 Be6 16. Nd4 Nc4 17. Bf4 Nxb2 18. Qd2 Nc4 19. Qd3 Ne5 20. Bxe5 dxe5 21. Nxe6 Rxe6 22. Rb1 Qe7 23. Reb2 Rd8 24. Qe3 b6 25. a4 Red6 26. Bf1 Rd4 27. Kg2 h5 0-1

[Event "Ruhrgebiet VK2 0405"]
[Site "Ruhrgebiet"]
[Date "2005.01.30"]
[Round "6.4"]
[White "Scheele, Frank"]
[Black "Linde, Wolfgang"]
[Result "1-0"]
[WhiteElo "1954"]
[BlackElo "2032"]
[PlyCount "81"]
[EventDate "2004.09.12"]
[EventType "team"]
[EventRounds "9"]
[EventCountry "GER"]
[SourceTitle "EXT 2006"]
[Source "ChessBase"]
[SourceDate "2005.11.24"]
[SourceVersion "1"]
[SourceVersionDate "2005.11.24"]
[SourceQuality "1"]
[WhiteTeam "Hervest Dorsten"]
[BlackTeam "Welper SV"]
[WhiteTeamCountry "GER"]
[BlackTeamCountry "GER"]

1. e4 c6 2. d4 d5 3. e5 c5 4. dxc5 e6 5. c4 Bxc5 6. cxd5 exd5 7. Nc3 Ne7 8. Bb5+ Nbc6 9. Nf3 0-0 10. 0-0 Bg4 11. Be2 Qd7 12. Na4 Bb4 13. a3 Ba5 14. Nc5 Qc8 15. Bg5 Re8 16. Nd3 Qf5 17. Bxe7 Bxf3 18. Bxf3 Rxe7 19. Bg4 Qe4 20. e6 fxe6 21. b4 Bb6 22. Re1 Qd4 23. Bxe6+ Kh8 24. Ra2 Rae8 25. Rae2 a6 26. Bd7 Rxe2 27. Rxe2 Rf8 28. Qd2 h6 29. h3 Qf6 30. Bg4 Nd4 31. Re5 Qd6 32. Bd1 Bc7 33. g3 Nc6 34. Rh5 Bb6 35. Kg2 Re8 36. Nf4 d4 37. Rd5 Qf6 38. Qd3 Ne5 39. Rxe5 Rxe5 40. Ng6+ Kg8 41. Bb3+ 1-0

[Event "Ruhrgebiet VK2 0405"]
[Site "Ruhrgebiet"]
[Date "2005.01.09"]
[Round "5.4"]
[White "Straenger, Horst"]
[Black "Linde, Wolfgang"]
[Result "1-0"]
[WhiteElo "2035"]
[BlackElo "2032"]
[PlyCount "111"]
[EventDate "2004.09.12"]
[EventType "team"]
[EventRounds "9"]
[EventCountry "GER"]
[SourceTitle "EXT 2006"]
[Source "ChessBase"]
[SourceDate "2005.11.24"]
[SourceVersion "1"]
[SourceVersionDate "2005.11.24"]
[SourceQuality "1"]
[WhiteTeam "Muelheim Heissen"]
[BlackTeam "Welper SV"]
[WhiteTeamCountry "GER"]
[BlackTeamCountry "GER"]

1. d4 Nf6 2. c4 e6 3. Nf3 b6 4. Nc3 Bb4 5. Qc2 c5 6. e3 Bb7 7. Be2 0-0 8. a3 Bxc3+ 9. Qxc3 d6 10. b4 Nbd7 11. Bb2 Qe7 12. 0-0 Rfd8 13. Rfd1 Qf8 14. Nd2 Rac8 15. Qb3 Rc7 16. Bf3 Bxf3 17. Nxf3 d5 18. dxc5 bxc5 19. b5 dxc4 20. Qxc4 Nd5 21. e4 N5b6 22. Qc2 c4 23. Bc3 Nc5 24. Bb4 Qe8 25. Ne5 Nb3 26. Rxd8 Qxd8 27. Rd1 Qf6 28. Nc6 h6 29. e5 Qf5 30. Qe2 Kh7 31. g4 Qg5 32. a4 Nc1 33. Qc2+ Nd3 34. Rxd3 cxd3 35. Qxd3+ g6 36. Qf3 Nxa4 37. Bd6 Rd7 38. Nb8 Qd8 39. Nxd7 Qxd7 40. Qc6 Nb6 41. Kg2 Kg7 42. Kf3 f6 43. Ke4 f5+ 44. gxf5 gxf5+ 45. Kd4 Kf7 46. Kc5 Ke8 47. Qc7 h5 48. h4 Nc8 49. Qc6 Nb6 50. Kb4 Nd5+ 51. Ka5 f4 52. Ka6 f3 53. Qxd7+ Kxd7 54. Kxa7 Nc3 55. b6 Nb5+ 56. Ka8 1-0